लोकभारती राजभाषा शब्दकोष : (Record no. 53113)

MARC details
000 -LEADER
fixed length control field 00628nam a2200181Ia 4500
005 - DATE AND TIME OF LATEST TRANSACTION
control field 20260429112240.0
008 - FIXED-LENGTH DATA ELEMENTS--GENERAL INFORMATION
fixed length control field 260429s9999||||xx |||||||||||||| ||und||
020 ## - INTERNATIONAL STANDARD BOOK NUMBER
International Standard Book Number 9788180310355
041 ## - LANGUAGE CODE
Language Hindi
082 ## - DEWEY DECIMAL CLASSIFICATION NUMBER
Classification number 491.433
Item number BAH
100 ## - MAIN ENTRY--PERSONAL NAME
Personal name बाहरी, हरदेव
245 #0 - TITLE STATEMENT
Title लोकभारती राजभाषा शब्दकोष :
Remainder of title  Hindi- English /
Statement of responsibility, etc हरदेव बाहरी
250 ## - EDITION STATEMENT
Edition statement 9th ed.
260 ## - PUBLICATION, DISTRIBUTION, ETC. (IMPRINT)
Place of publication, distribution, etc प्रयागराज :
Name of publisher, distributor, etc लोकभारती प्रकाशन,
Date of publication, distribution, etc 2022.
300 ## - PHYSICAL DESCRIPTION
Extent iv, 457 p.; Hb
650 ## - SUBJECT ADDED ENTRY--TOPICAL TERM
Topical term or geographic name as entry element Hindi English Dictionary
942 ## - ADDED ENTRY ELEMENTS (KOHA)
Koha item type Text Books
Holdings
Withdrawn status Lost status Damaged status Not for loan Collection code Home library Location Shelving location Date of Cataloging Source of acquisition Total Checkouts Full call number Barcode Date last seen Price effective from Koha item type
        Non-fiction CUTN Central Library CUTN Central Library Languages 29/04/2026 Segment Book Distributors, New Delhi - Invoice No. 71458 on 09-02-2026   491. 433 BAH 58337 29/04/2026 29/04/2026 Text Books